书目信息 |
| 题名: |
最大的恐龙
|
|
| 作者: | 莱森 著 ;宾登 , 陈婧 绘 | |
| 分册: | ||
| 出版信息: | 北京 中国人口出版社 2016.09 |
|
| 页数: | 31页 | |
| 开本: | 20×21cm | |
| 丛书名: | 恐龙王国 | |
| 单 册: | ||
| 中图分类: | Q915.864 | |
| 科图分类: | ||
| 主题词: | 恐龙--少年读物 | |
| 电子资源: | ||
| ISBN: | 978-7-5101-4542-1 | |
| 000 | 01062oam2 2200325 450 | |
| 001 | 0120162009481 | |
| 005 | 20161028140833.1 | |
| 010 | @a978-7-5101-4542-1@d12.00 | |
| 100 | @a20161028d2016 cemy0chiy50 ea | |
| 101 | 1 | @achi@ceng |
| 102 | @aCN@b110000 | |
| 105 | @aab z 000yy | |
| 106 | @ar | |
| 200 | 1 | @a最大的恐龙@9zui da de kong long@dGiant plant-eating dinosaurs@f(美)唐·莱森著@g(加)约翰·宾登绘@g陈婧译@zeng |
| 210 | @a北京@c中国人口出版社@d2016.09 | |
| 215 | @a31页@c图,地图@d20×21cm | |
| 225 | 2 | @a恐龙王国 |
| 225 | 2 | @a小鲸鱼童书 |
| 330 | @a本书包含的内容有:异特龙、马普龙、气龙、加斯帕里尼龙、阿根廷龙、埃德蒙顿甲龙。 | |
| 333 | @a青少年 | |
| 461 | 0 | @12001 @a恐龙王国 |
| 461 | 0 | @12001 @a小鲸鱼童书 |
| 510 | 1 | @aGiant plant-eating dinosaurs@zeng |
| 606 | 0 | @a恐龙@j少年读物 |
| 690 | @aQ915.864@v5 | |
| 701 | 0 | @c(美)@a莱森@9lai sen@c(Inc,Dino Don)@4著 |
| 702 | 0 | @c(加)@a宾登@9bin deng@c(Bindon, John)@4绘 |
| 702 | 0 | @a陈婧@9chen jing@4译 |
| 801 | 0 | @aCN@b人天书店@c20161028 |
| 905 | @f1@dQ915.864@b21551933@e43 | |
| 最大的恐龙=Giant plant-eating dinosaurs/(美)唐·莱森著/(加)约翰·宾登绘/陈婧译.-北京:中国人口出版社,2016.09 |
| 31页:图,地图;20×21cm.-(恐龙王国).-(小鲸鱼童书) |
| 使用对象:青少年 |
| ISBN 978-7-5101-4542-1:12.00 |
| 本书包含的内容有:异特龙、马普龙、气龙、加斯帕里尼龙、阿根廷龙、埃德蒙顿甲龙。 |
| ● |
| 相关链接 |
|
|
|
|
正题名:最大的恐龙
索取号:Q915.864/43
 
预约/预借
| 序号 | 登录号 | 条形码 | 馆藏地/架位号 | 状态 | 备注 |
| 1 | 1497381 | 214973812 | 第三借阅区/ [索取号:Q915.864/43] | 在馆 | |
| 2 | 1497382 | 214973821 | 第三借阅区/ [索取号:Q915.864/43] | 在馆 | |
| 3 | 1497383 | 214973830 | 第三借阅区/ [索取号:Q915.864/43] | 在馆 | |
| 4 | 1497384 | 214973849 | 第一样本阅览室/ [索取号:Q915.864/43] | 在馆 | |
| 5 | 1497386 | 214973867 | 第三借阅区/ [索取号:Q915.864/43] | 在馆 | |
| 6 | 1551933 | 215519339 | 不外借—密集书库/ [索取号:Q915.864/43] | 在馆 |